Fußball Allgemeinwissen Quiz - Statistiken

Allgemein
  • Dieses Quiz wurde 360 mal gespielt
  • Das Durchschnittsergebnis liegt bei 9 aus 15
Antwortstatistiken
Frage Antwort % Korrekt
Welches Land wurde 2006 Platz 3 in der WM? Deutschland
84%
In welchem Jahr wurde der FC Liverpool das letzte Mal Meister? 2020
83%
Welcher Spieler gewann 2002 den Ballon Dor? Ronaldo
83%
In welchem Jahr gelang es Ajax Amsterdam unter Eric Ten Haag in das Champions League Halbfinale? 2019
82%
Wer ist der aktuelle Spitzenreiter in der Liste mit den meisten BallonDors? Lionel Messi
74%
Welcher Spieler war dafür bekannt seine Gegenspieler zu beißen? Luis Suarez
69%
Welches Team gewann 2007 die Premier League? Manchester United
68%
Wann wurde das letzte Mal eine Mannschaft außerhalb der Top 5 Ligen Champions League Sieger? 2004
62%
Welcher Trainer gewann mit dem FC Porto die Champions League? Jose Mourinho
61%
Wie hieß der Trainer von Manchester United in ihrer absoluten Bestzeit? Sir Alex Ferguson
58%
Welche Nationalmannschaft wird auch "Albiceleste" genannt? Argentinien
49%
Welche Mannschaft gewann 2003 die Champions League? AC Mailand
43%
Welcher Spieler hatte in einem WM Spiel 0 Ballkontakte, obwohl er 90 Min auf dem Platz stand? Olivier Giroud
16%
Welche Spieler haben in den letzten 10 Jahren neben Messi und Ronaldo Ballondors gewonnen? Modric, Benzema
14%
Welcher Spieler gewann 2010 den Golden Boy Award? Mario Balotelli
6%
Keine übereinstimmenden Quizze gefunden
Verteilung der Resultate
Anzahl Personen mit jedem Resultat
Perzentil nach korrekt beantworteten Fragen
Ihre Resultats-Entwicklung
Sie haben dieses Quiz noch nicht gespielt